Mixed Word: Adam Sandler Quiz Stats

Quiz Updated Oct 13, 2016

Challenge
Share
Tweet
Embed
Score 0/14 Timer 04:00
0 Plays Today
Hint Answer % Correct
GIB DYDADBig Daddy
98.3%
CKCLIClick
98.1%
NYNFU PLEOPEFunny People
95.9%
LEITTL CKYNILittle Nicky
94.7%
LLYBI NSOIDAMBilly Madison
94.3%
PPYHA LIGREOMHappy Gilmore
92.6%
CHUNP KNURD VEOLPunch-Drunk Love
90.8%
Hint Answer % Correct
HET GSTELON RAYDThe Longest Yard
82.9%
WONGR PSUGrown Ups
82.4%
GEIRN VERO EMReign Over me
82.4%
ETH GNIDWDE GNISREThe Wedding Singer
78.1%
GERAN MNETEGAANMAnger Management
57.7%
SHLIGANPSSpanglish
45%
SDEAHRAIAirheads
23.5%

You're not logged in!

Compare scores with friends on all Sporcle quizzes.
Sign Up with Email
OR
Log In

You Might Also Like...

Show Comments

Extras

Top Quizzes Today


Score Distribution

Your Account Isn't Verified!

In order to create a playlist on Sporcle, you need to verify the email address you used during registration. Go to your Sporcle Settings to finish the process.